Catalog

Record Details

Catalog Search



Available copies

  • 1 of 2 copies available at LARL/NWRL Consortium.

Current holds

0 current holds with 2 total copies.

Show All Copies
Location Call Number / Copy Notes Barcode Shelving Location Status Due Date
Karlstad LINK Site e BLA (Text) 35500001934213 Main Available -

Record details

  • ISBN: 0399233814
  • Physical Description: 1 v. (unpaged) : col. ill., maps ; 22 cm.
  • Publisher: New York : Philomel Books, 2002.

Content descriptions

Summary, etc.:
In 1925, Togo, a Siberian husky who loves being a ... Read More
Subject: Sled dogs > Juvenile fiction.
Siberian husky > Juvenile fiction.
Dogs > Juvenile fiction.
Diphtheria > Juvenile fiction.
Alaska > Juvenile fiction.
LDR 01304cam a22003138a 4500
00145332
003LARL_NWRL_CONSORTIUM
00520010906145230.0
008010824s2002 nyu b 000 1 eng
020 . ‡a0399233814
035 . ‡a(OCoLC)47927678
03500. ‡ilcmarc/BAD-1697/LARLTECH
040 . ‡aDLC ‡cDLC
08200. ‡a[E] ‡221
099 . ‡aB
1001 . ‡aBlake, Robert J. ‡0(LARL_NWRL_CONSORTIUM)63656
24510. ‡aTogo / ‡cRobert J. Blake.
260 . ‡aNew York : ‡bPhilomel Books, ‡c2002.
300 . ‡a1 v. (unpaged) : ‡bcol. ill., maps ; ‡c22 cm.
520 . ‡aIn 1925, Togo, a Siberian husky who loves being a sled dog, leads a team that rushes to bring diphtheria antitoxin from Anchorage to Nome, Alaska.
650 0. ‡aSled dogs ‡vJuvenile fiction.
650 0. ‡aSiberian husky ‡vJuvenile fiction.
650 0. ‡aDogs ‡vJuvenile fiction. ‡0(LARL_NWRL_CONSORTIUM)164650
650 0. ‡aDiphtheria ‡vJuvenile fiction.
651 0. ‡aAlaska ‡vJuvenile fiction.
901 . ‡a45332 ‡bOCLC ‡c45332 ‡tbiblio

Additional Resources